000 02224nam0a2200385 4500
001 RU\NLR\BIBL_A\011730917
005 20210125213133.0
010 _a978-5-4242-0639-9
_9500
021 _aRU
_bКН-П-18-033022
_9КН-П-18-2402
035 _a(NLR Aleph) 011730917
035 _a(RuMoRGB)009623265
090 _a11526852
_c11526852
100 _a20180614d2017 k y0rusy50 ca
101 0 _arus
102 _aRU
105 _ay|||z|||000zy
200 1 _aДеонтологическая культура современного педагога
_e[монография]
_fР.А. Алиханова, Г.А. Караханова
_gМинистерство образования и науки Российской Федерации, Федеральное государственное бюджетное образовательное учреждение высшего образования "Чеченский государственный педагогический университет"
210 _aГрозный
_aМахачкала
_cАлеф
_d2017
215 _a199 с.
_cтабл.
_d20
300 _aНа обороте тит. л. авт.: Алиханова Р.А. - к.п.н., доц., Караханова Г.А. - д.п.н., проф.
320 _aБиблиогр.: с. 179-191 (163 назв.)
606 1 _aДеонтология педагогическая
_92294664
_3RU\NLR\AUTH\6601601235
606 1 _aВысшие педагогические учебные заведения
_xСтуденты
_xВоспитание педагогической культуры
_92105350
_3RU\NLR\AUTH\661576500
606 1 _aПедагогическая деятельность
_xПсихологические исследования
_91713771
_3RU\NLR\AUTH\661061564
610 0 _aстуденты-педагоги
686 1 _aЧ489.511.352
686 1 _aЧ30в2
686 1 _aЮ940
700 1 _aАлиханова
_bР. А.
_gРовзат Арбиевна
701 1 _aКараханова
_bГ. А.
_gГалина Алиевна
942 _cBOOK
980 _aNBR
980 _aNB